000 01461nam a2200217Ia 4500
003 Ost
005 20260507075735.0
008 260507s9999||||xx |||||||||||||| ||und||
040 _cfsecg
041 _aara
082 _a381.142
100 _aحجازي، عبد الفتاح بيومي
_eمؤلف
245 0 _aمقدمة في التجارة الإلكترونية العربية :
_bالنظام القانوني للتجارة الإلكترونية في دولة الإمارات العربية المتحدة /
_c عبد الفتاح بيومي حجازي
260 _aالإسكندرية:
_bدار الفكر الجامعي,
_c2003
300 _a338 صفحة؛
_c25 سم
504 _aببلوغرافيا: ص.291
520 _aمدخل إلى التجارة الإلكترونية في دولة الإمارات العربية المتحدة،الأحكام العامة للتجارة الالكترونية لدى إمارة دبي،متطلبات المعاملات الالكترونية،السجلات والتوقيعات الالكترونية المحمية،الأحكام المتصلة بالشهادات وخدمات التصديق،الإستخدام الحكومي للسجلات والتوقيعات الالكترونية،الحماية الجنائية للتجارة والمعاملات الالكترونيةفي القانون
653 _aالتجارة الالكترونية
653 _aدبي
942 _cكتاب
999 _c46081
_d46081